000
00271nam a22001217a 4500
999
_c
4378
_d
4378
008
250213b ||||| |||| 00| 0 eng d
020
_a
9781465479310
082
_a
629.45
100
_a
STONE,JERRY
_e
AUTHOR
245
_a
SPACE TRAVEL
260
_b
DK FINDOUT
942
_2
ddc